000 00957nam a22002537a 4500
005 20130923112403.0
010 _aENG-108112
020 _a9788182746633
_c990.00
035 _aEN-91645
037 _bDBAD/PUB
082 _a940.541254
100 0 _aDharm Pal
_d1908-
245 1 0 _aCampaign in western Asia /
_cedited by Bisheswar Prasad
260 _aNew Delhi
_bPentagon Press
_c2012
270 _a206, Peacock Lane, Shahpur Jat
_bNew Delhi
_e110049
300 _axxii, 570p. :
_bmaps (part. fold., part col.) plates, ports.
_c26cm(Hb)
490 1 _aOfficial history of the Indian Armed Forces in the Second World War, 1939-45. Campaigns in the western Asia.
610 1 0 _aIndia.
_bArmy
_xHistory.
650 0 _aWorld War, 1939-1945
_xCampaigns
_zIraq.
650 0 _aWorld War, 1939-1945
_xCampaigns
_zSyria.
650 0 _aWorld War, 1939-1945
_xCampaigns
_zIran.
700 1 _aPrasad, Bisheshwar
942 _2ddc
_cEN
_mDHA
_h940.541254
999 _c77913
_d77913